Thể chế dân chủ và phát triển nông thôn Việt Nam hiện nay

Shranjeno v:
Bibliografske podrobnosti
Glavni avtor: Nguyễn, Văn Sáu
Format: Knjiga
Jezik:Undetermined
Izdano: Hà Nội Chính trị Quốc gia 2005
Teme:
Oznake: Označite
Brez oznak, prvi označite!
Thư viện lưu trữ: Trung tâm Học liệu Trường Đại học Cần Thơ
LEADER 00594nam a2200193Ia 4500
001 CTU_88833
008 210402s9999 xx 000 0 und d
020 |c 50000 
082 |a 630 
082 |b S111 
100 |a Nguyễn, Văn Sáu 
245 0 |a Thể chế dân chủ và phát triển nông thôn Việt Nam hiện nay 
245 0 |c Nguyễn Văn Sáu 
260 |a Hà Nội 
260 |b Chính trị Quốc gia 
260 |c 2005 
650 |a Rural development projects 
904 |i Tuyến 
980 |a Trung tâm Học liệu Trường Đại học Cần Thơ